<?xml version="1.0" encoding="UTF-8"?>
<record
    xmlns:xsi="http://www.w3.org/2001/XMLSchema-instance"
    xsi:schemaLocation="http://www.loc.gov/MARC21/slim http://www.loc.gov/standards/marcxml/schema/MARC21slim.xsd"
    xmlns="http://www.loc.gov/MARC21/slim">

  <leader>01007cam a2200277 i 4500</leader>
  <controlfield tag="001">1883118</controlfield>
  <controlfield tag="003">YEEZEN</controlfield>
  <controlfield tag="005">20260127140811.0</controlfield>
  <controlfield tag="008">250822s2025    ch  ak        000 0 chi c</controlfield>
  <datafield tag="020" ind1=" " ind2=" ">
    <subfield code="a">9786267521700</subfield>
    <subfield code="q">(&#x5E73;&#x88DD;) :</subfield>
    <subfield code="c">&#x65B0;&#x53F0;&#x5E63;580&#x5143;</subfield>
  </datafield>
  <datafield tag="040" ind1=" " ind2=" ">
    <subfield code="a">PVY</subfield>
    <subfield code="b">chi</subfield>
    <subfield code="c">PVY</subfield>
  </datafield>
  <datafield tag="041" ind1="0" ind2=" ">
    <subfield code="a">chi</subfield>
  </datafield>
  <datafield tag="042" ind1=" " ind2=" ">
    <subfield code="a">nbic</subfield>
  </datafield>
  <datafield tag="090" ind1=" " ind2=" ">
    <subfield code="a">411.94</subfield>
    <subfield code="b">4477</subfield>
  </datafield>
  <datafield tag="110" ind1="2" ind2=" ">
    <subfield code="a">&#x81FA;&#x5927;&#x91AB;&#x9662;&#x5065;&#x5EB7;&#x6559;&#x80B2;&#x4E2D;&#x5FC3;&#x8207;&#x71DF;&#x990A;&#x5E2B;&#x5718;&#x968A;</subfield>
  </datafield>
  <datafield tag="245" ind1="1" ind2="0">
    <subfield code="a">&#x81FA;&#x5927;&#x91AB;&#x9662;&#x6E1B;&#x80A5;&#x73ED;8&#x9031;&#x71C3;&#x8102;&#x7626;&#x8EAB;&#x5168;&#x66F8; :</subfield>
    <subfield code="b">17&#x4F4D;&#x591A;&#x79D1;&#x91AB;&#x7642;&#x5C08;&#x5BB6;&#x50B3;&#x6388;&#x5B89;&#x5168;&#x6709;&#x6548;&#x71DF;&#x990A;&#xD7;&#x904B;&#x52D5;&#xD7;&#x5FC3;&#x7406;&#x7684;&#x5065;&#x5EB7;&#x6E1B;&#x91CD;&#x6CD5; /</subfield>
    <subfield code="c">&#x81FA;&#x5927;&#x91AB;&#x9662;&#x5065;&#x5EB7;&#x6559;&#x80B2;&#x4E2D;&#x5FC3;&#x8207;&#x71DF;&#x990A;&#x5E2B;&#x5718;&#x968A;&#x5408;&#x8457;</subfield>
  </datafield>
  <datafield tag="246" ind1="1" ind2=" ">
    <subfield code="i">&#x82F1;&#x6587;&#x984C;&#x540D;:</subfield>
    <subfield code="a">Multidisciplinary weight reduction program.</subfield>
  </datafield>
  <datafield tag="250" ind1=" " ind2=" ">
    <subfield code="a">&#x521D;&#x7248;</subfield>
  </datafield>
  <datafield tag="260" ind1=" " ind2=" ">
    <subfield code="a">&#x53F0;&#x5317;&#x5E02; :</subfield>
    <subfield code="b">&#x539F;&#x6C34;&#x6587;&#x5316;&#x51FA;&#x7248; ,</subfield>
    <subfield code="b">&#x5BB6;&#x5EAD;&#x50B3;&#x5A92;&#x57CE;&#x90A6;&#x5206;&#x516C;&#x53F8;&#x767C;&#x884C;,</subfield>
    <subfield code="c">2025.07</subfield>
  </datafield>
  <datafield tag="300" ind1=" " ind2=" ">
    <subfield code="a">335&#x9762; :</subfield>
    <subfield code="b">&#x5716;,&#x8868; ;</subfield>
    <subfield code="c">23&#x516C;&#x5206;</subfield>
  </datafield>
  <datafield tag="490" ind1="0" ind2=" ">
    <subfield code="a">&#x6085;&#x8B80;&#x5065;&#x5EB7;&#x7CFB;&#x5217; ;</subfield>
    <subfield code="v">HD3211.</subfield>
  </datafield>
  <datafield tag="490" ind1="0" ind2=" ">
    <subfield code="a">&#x8EAB;&#x5FC3;&#x9748;&#x66F8;&#x623F;</subfield>
  </datafield>
  <datafield tag="650" ind1=" " ind2="7">
    <subfield code="2">lcstt</subfield>
    <subfield code="a">&#x6E1B;&#x91CD;</subfield>
  </datafield>
  <datafield tag="650" ind1=" " ind2="7">
    <subfield code="2">lcstt</subfield>
    <subfield code="a">&#x5065;&#x5EB7;&#x6CD5;</subfield>
  </datafield>
  <datafield tag="942" ind1=" " ind2=" ">
    <subfield code="2">ccl</subfield>
    <subfield code="c">BOOK</subfield>
  </datafield>
  <datafield tag="999" ind1=" " ind2=" ">
    <subfield code="c">7690</subfield>
    <subfield code="d">7690</subfield>
  </datafield>
  <datafield tag="952" ind1=" " ind2=" ">
    <subfield code="0">0</subfield>
    <subfield code="1">0</subfield>
    <subfield code="2">ccl</subfield>
    <subfield code="4">0</subfield>
    <subfield code="7">0</subfield>
    <subfield code="a">yeezen</subfield>
    <subfield code="b">yeezen</subfield>
    <subfield code="c">YEEZEN</subfield>
    <subfield code="d">2026-01-27</subfield>
    <subfield code="l">3</subfield>
    <subfield code="m">1</subfield>
    <subfield code="o">411.94</subfield>
    <subfield code="p">C03274</subfield>
    <subfield code="r">2026-03-31 00:00:00</subfield>
    <subfield code="s">2026-03-27</subfield>
    <subfield code="w">2026-01-27</subfield>
    <subfield code="y">BOOK</subfield>
    <subfield code="z">&#x570B;&#x5167;&#x7B2C;&#x4E00;&#x672C; &#x591A;&#x79D1;&#x91AB;&#x7642;&#x5718;&#x968A;&#x2573;&#x98F2;&#x98DF;&#x642D;&#x914D;&#x904B;&#x52D5; &#x2573; &#x5168;&#x4EBA;&#x8EAB;&#x5FC3;&#x7167;&#x8B77; &#x6E1B;&#x91CD;&#x5BE6;&#x6230;&#x6307;&#x5357; 17&#x4F4D;&#x591A;&#x79D1;&#x91AB;&#x7642;&#x5C08;&#x5BB6;&#x50B3;&#x6388;&#x5B89;&#x5168;&#x6709;&#x6548;&#x6C38;&#x7E8C;&#x71DF;&#x990A; &#x2573; &#x904B;&#x52D5; &#x2573; &#x5FC3;&#x7406;&#x7684;&#x5065;&#x5EB7;&#x6E1B;&#x91CD;&#x6CD5;  &#x80A5;&#x80D6;&#x4E0D;&#x53EA;&#x662F;&#x5916;&#x578B;&#x554F;&#x984C;&#xFF0C;&#x66F4;&#x662F;&#x5F71;&#x97FF;&#x5065;&#x5EB7;&#x7684;&#x91CD;&#x8981;&#x56E0;&#x7D20;&#xFF01; &#x4E16;&#x754C;&#x885B;&#x751F;&#x7D44;&#x7E54;&#x5DF2;&#x5C07;&#x80A5;&#x80D6;&#x5217;&#x70BA;&#x6162;&#x6027;&#x75BE;&#x75C5;&#xFF1A; &#x2D9;&#x80A5;&#x80D6;&#x8005;&#x7F79;&#x60A3;&#x7CD6;&#x5C3F;&#x75C5;&#x3001;&#x4EE3;&#x8B1D;&#x75C7;&#x5019;&#x7FA4;&#x53CA;&#x8840;&#x8102;&#x7570;&#x5E38;&#x7684;&#x98A8;&#x96AA;&#x8D85;&#x904E;3&#x500D; &#x2D9;&#x767C;&#x751F;&#x9AD8;&#x8840;&#x58D3;&#x3001;&#x5FC3;&#x8840;&#x7BA1;&#x75BE;&#x75C5;&#x3001;&#x819D;&#x95DC;&#x7BC0;&#x708E;&#x3001;&#x75DB;&#x98A8;&#x7684;&#x98A8;&#x96AA;&#x9AD8;&#x9054;2&#x500D;</subfield>
  </datafield>
</record>
